000 02345cam a22005174i 4500
003 PE-LiUPU
005 20250731173027.0
008 170628s2010 mau rb 001 0 eng d
020 _a9004178309
020 _a9789004178304
035 _a(Sirsi) a237835
040 _aPE-LiUPU
_bspa
_cPE-LiUPU
_erda
049 _aPRUA
082 0 4 _a289.940982
_bD31
_222
100 1 _aDavies, Wilma Wells,
_eautor.
245 1 4 _aThe embattled but empowered community :
_bcomparing understandings of spiritual power in Argentine popular and pentecostal cosmologies /
_cby Wilma Wells Davies.
264 1 _aLeiden ;
_aBoston :
_bBrill,
_c2010.
300 _axviii, 319 páginas ;
_c25 centimetros.
336 _atext
_2rdacontent
337 _aunmediated
_2rdamedia
338 _avolume
_2rdacarrier
490 0 _aGlobal pentecostal and charismatic studies ;
_vv. 5
504 _aBibliografía : páginas 288-313.
504 _aÍndices: páginas 315-319.
505 0 _aPentecostalism : towards an Argentine view -- Investigating the fields of the Lord : the Argentine religious field and historical context -- The embattled community : cosmology and related practices -- The empowered community : comparing popular and pentecostal understandings of spiritual power -- Missiological implications for a gospel of power -- Argentine pentecostlaism and global Christianity -- Poscript -- Appendices -- English bibliography -- Spanish bibliography.
526 _aSEG42
526 _aSEG41
526 _aSEG40
526 _aSEG39
526 _aP94
526 _aP87
526 _aP86
526 _aP85
526 _aP77
526 _aP76
526 _aP35
650 0 4 _aCristianismo
_zArgentina.
650 0 4 _aPentecostalismo
_zArgentina.
910 _ajck
_bjvq
_cjpc
_d20170628
942 _2ddc
_cBOOK
949 _a289.940982 D31
_wDEWEY
_c1
_i76417
_lCATALOGING
_mBUL
_p66.00
_r0
_sY
_tBOOK
_u2017-06-28
_xTEOLOGÍA
_zTEOLOGÍA
_0COMPRA
_o.CIRCNOTE. El documento es de alto precio.
_o.STAFF. Colección Teología
994 _aC0
_bPEPRU
596 _a1
999 _a289.940982 D31
_wDEWEY
_c24533
_i76417
_f2021-11-11
_g4
_lCCODEBUL1
_mBUL
_p66.00
_r0
_sY
_tBOOK
_u2017-6-28
_xTEOLOGIA
_PP35
_0DONACION
_o.STAFF. Colección Teología
_d24533
980 _81
_gALBERTO SANCHEZ Responsable de Automatización